A First Course in Fluid Mechanics (Record no. 30101)

000 -LEADER
fixed length control field 00527 a2200157 4500
020 ## - INTERNATIONAL STANDARD BOOK NUMBER
International Standard Book Number 81-7371-564-5
082 ## - DEWEY DECIMAL CLASSIFICATION NUMBER
Classification number 620.1
090 ## - LOCALLY ASSIGNED LC-TYPE CALL NUMBER (OCLC); LOCAL CALL NUMBER (RLIN)
-- 1490
-- 1490
100 ## - MAIN ENTRY--PERSONAL NAME
Personal name Narasimhan, S
245 ## - TITLE STATEMENT
Title A First Course in Fluid Mechanics
Statement of responsibility, etc. S. Narasimhan
250 ## - EDITION STATEMENT
Edition statement 2006.
260 ## - PUBLICATION, DISTRIBUTION, ETC.
Place of publication, distribution, etc. Hyderabad, India
Name of publisher, distributor, etc. Universities Press (India) Private Limited
Date of publication, distribution, etc. 2006.
300 ## - PHYSICAL DESCRIPTION
Extent xiv, 438
942 ## - ADDED ENTRY ELEMENTS (KOHA)
Institution code [OBSOLETE] SNS
Koha item type Book
Call number prefix 620.1 NAR
Holdings
Withdrawn status Lost status Damaged status Not for loan Permanent Location Current Location Date acquired Total Checkouts Full call number Barcode Date last seen Price effective from Koha item type
        School of Natural Sciences (SNS) School of Natural Sciences (SNS) 05/26/2016   620.1 NAR SNS0000453 05/26/2016 05/26/2016 Book
© 2023 Central Library, National University of Sciences and Technology. All Rights Reserved.